Romania in the Eurovision Song Contest - Statistics

General Stats
  • This quiz has been taken 16 times
    3 since last reset
  • The average score is 8 of 24
Answer Stats
Answer % Correct
Choke Me
100%
D.G.T. (Off and On)
100%
Llámame
100%
Amnesia
50%
Change
50%
De la capăt
50%
Goodbye
50%
It's My Life
50%
Miracle
50%
On A Sunday
50%
Playing With Fire
50%
Yodel It!
50%
Zaleilah
50%
Dincolo de nori
0%
Don't Break My Heart
0%
Eu cred
0%
I Admit
0%
Let Me Try
0%
Liubi, Liubi, I Love You
0%
Pe-o margine de lume
0%
Tell Me Why
0%
The Balkan Girls
0%
The Moon
0%
Tornerò
0%
No matching quizzes found
Score Distribution
Percent of People with Each Score
Percentile by Number Answered
Your Score History
You have not taken this quiz since the last reset